Culture générale automobile - Statistiques

Statistiques générales
  • Ce quiz a été pris 179 fois
  • Le résultat moyen est 8 sur 20
Statistiques - réponses
Question Votre réponse % Correct
Quel chef d’entreprise américain a instauré le travail à la chaine dans son usine ? Henry Ford
94%
Quelle marque emblématique britannique James Bond conduit-il dans ses films ? Aston Martin
88%
En quelle année est sortie la première 205 Peugeot ? 1983
62%
Comment se nommait ce modèle de loisirs Citroën, en plastique, aux airs de Jeep ? La Méhari
59%
Quelle marque d’origine française est basé à Molsheim, en Alsace ? Bugatti
57%
Quel ingénieur allemand a dessiné la « Coccinelle », la première Volkswagen ? Ferdinand Porsche
52%
Quel coupé et cabriolet de Mercedes possédait des portes à ouverture « papillon » ? 300 SL
46%
Quelles voiture a sauvé la vie du Général de Gaulle lors d’un attentat en 1962 ? Citroën DS
44%
Quelle est la nationalité de la marque Skoda ? Tchèque
38%
Que signifie S.U.V. ? Sport Utility Vehicle
37%
Quelle est la voiture française la plus vendue de l’histoire, avec 12 millions de modèles ? Peugeot 206
34%
Quelle modèle asiatique est la voiture la plus vendue de l’histoire ? Toyota Corolla
32%
A quel fruit comparait-on la Renault 14, en raison de sa forme ? Une poire
32%
Comment se nommait cette Citroën 2CV aux couleurs noir et Bordeaux ? Charleston
28%
Quel constructeur automobile a proposé à Renault le modèle Espace en 1984 ? Matra
28%
Quelle marque a été la première à installer des ceintures de sécurité en série à l’avant ? Volvo
28%
En quelle année a eu lieu le premier championnat du monde du Formule 1 1950
27%
Columbo conduit sa célèbre Peugeot… mais quel modèle ? 403
24%
De quel pays était originaire la marque Trabant ? Allemagne de l'est
22%
Quelle voiture Jean Reno conduit-il dans le Grand Bleu ? Fiat 500
11%
Aucun quiz correspondant
Distribution des résultats
% des personnes avec chaque résultat
Percentile par nombre de réponses
Votre historique - résultats
Vous n’avez pas pris ce quiz